| 000 | 00505nam a22001817a 4500 | ||
|---|---|---|---|
| 003 | CEME | ||
| 005 | 20210628205926.0 | ||
| 008 | 210208b xxu||||| |||| 00| 0 eng d | ||
| 020 | _a0-7680-0151-X | ||
| 040 | _c. | ||
| 082 | _a629.2-SAE TEC | ||
| 100 |
_aSae _99416 |
||
| 245 | _aTechnology for electric and hybrid vehicles sp-1331 | ||
| 260 |
_aUSA _bSAE INTERNATIONAL _c1998 |
||
| 300 | _a144P | ||
| 650 |
_aSP-1331.HYBRID VEHICLES-TECHNOLOGY ELECTRIC AND HYBRID VEHICLES _977497 |
||
| 942 |
_cBK _2ddc |
||
| 999 |
_c582757 _d582757 |
||